000 00721cam a22002531 4500
001 af 48002756
003 DLC
005 20260227110857.0
008 890516s1943 gw 000 0 ger c
010 _aaf 48002756
035 _a(OCoLC)19715828
040 _aYale Univ. Library
_cCU
_dDLC
042 _apremarc
050 0 0 _aPT2631.A834
_bG4
100 1 _aPaulus, Helmut,
_d1900-
245 1 0 _aGeliebte Heimat;
_bdrei Erzählungen.
250 _a[1. Aufl.]
260 _aGütersloh,
_bC. Bertelsmann
_c[1943]
300 _a60 p.
_c17 cm.
440 0 _aKleine Feldpost-Reihe
505 0 _aGeliebte Heimat.--Das allzuharte Herz.--Der Gerstenacker.
740 4 _aDas allzuharte Herz.
740 4 _aDas Gerstenacker.
999 _c5197
_d5197